Tilastot visalle L:llä alkavat valtiot

Klikkaa tästä pelataksesi tätä visaa!

Yleistilastot

  • Tätä visaa on pelattu 4 814 kertaa
  • Keskiarvotulos 7 / 9

Vastaustilastot

Valtio% Oikein
Latvia
89%
Liettua
89%
Laos
76%
Libya
71%
Liechtenstein
71%
Liberia
68%
Luxemburg
68%
Libanon
67%
Lesotho
62%

Tulosjakauma

Persentiili vastausten määrän mukaan

Jokaisen tuloksen saaneiden osuus

Tuloshistoriasi

Et ole pelannut tätä visaa